|
|
|
|
| LEADER |
00000cam a22000004a 4500 |
| 001 |
musev2_71046 |
| 003 |
MdBmJHUP |
| 005 |
20230905051324.0 |
| 006 |
m o d |
| 007 |
cr||||||||nn|n |
| 008 |
100824s2004 ncu o 00 0 eng d |
| 020 |
|
|
|a 9780822386032
|
| 020 |
|
|
|z 9780822333975
|
| 020 |
|
|
|z 9780822334002
|
| 035 |
|
|
|a (OCoLC)1143306882
|
| 040 |
|
|
|a MdBmJHUP
|c MdBmJHUP
|
| 100 |
1 |
|
|a Grosz, Elizabeth.
|
| 245 |
1 |
4 |
|a The Nick of Time :
|b Politics, Evolution, and the Untimely /
|c Elizabeth Grosz.
|
| 264 |
|
1 |
|a Durham :
|b Duke University Press,
|c 2004.
|
| 264 |
|
3 |
|a Baltimore, Md. :
|b Project MUSE,
|c 2020
|
| 264 |
|
4 |
|c ©2004.
|
| 300 |
|
|
|a 1 online resource (326 pages).
|
| 336 |
|
|
|a text
|b txt
|2 rdacontent
|
| 337 |
|
|
|a computer
|b c
|2 rdamedia
|
| 338 |
|
|
|a online resource
|b cr
|2 rdacarrier
|
| 505 |
0 |
|
|a Darwinian matters : life, force and change -- Biological difference -- The evolution of sex and race -- Nietzsche's Darwin -- History and the untimely -- The eternal return and the overman -- Bergsonian differences -- The philosophy of life -- Intuition and the virtual -- The future.
|
| 520 |
|
|
|a Prominent feminist theorist rethinks the relationship between evolution and the biological body through the study of three key figures: Darwin, Nietzsche and Bergson.
|
| 588 |
|
|
|a Description based on print version record.
|
| 600 |
1 |
7 |
|a Darwin, Charles.
|2 swd
|
| 600 |
1 |
7 |
|a Bergson, Henri.
|2 swd
|
| 600 |
1 |
7 |
|a Nietzsche, Friedrich.
|2 swd
|
| 600 |
1 |
7 |
|a Nietzsche, Friedrich Wilhelm,
|d 1844-1900.
|2 fast
|0 (OCoLC)fst00031611
|
| 600 |
1 |
7 |
|a Darwin, Charles,
|d 1809-1882.
|2 fast
|0 (OCoLC)fst00029136
|
| 600 |
1 |
7 |
|a Bergson, Henri,
|d 1859-1941.
|2 fast
|0 (OCoLC)fst00027792
|
| 600 |
1 |
0 |
|a Bergson, Henri,
|d 1859-1941.
|
| 600 |
1 |
0 |
|a Nietzsche, Friedrich Wilhelm,
|d 1844-1900.
|
| 600 |
1 |
0 |
|a Darwin, Charles,
|d 1809-1882.
|
| 650 |
1 |
7 |
|a Tijd.
|2 gtt
|
| 650 |
|
7 |
|a Philosophische Anthropologie
|2 gnd
|
| 650 |
|
7 |
|a Biologie
|2 gnd
|
| 650 |
|
7 |
|a Zeit
|2 gnd
|
| 650 |
|
7 |
|a Time.
|2 fast
|0 (OCoLC)fst01151043
|
| 650 |
|
7 |
|a Human body.
|2 fast
|0 (OCoLC)fst01730057
|
| 650 |
|
7 |
|a PHILOSOPHY
|x Mind & Body.
|2 bisacsh
|
| 650 |
|
7 |
|a PHILOSOPHY
|x Movements
|x Humanism.
|2 bisacsh
|
| 650 |
|
7 |
|a time.
|2 aat
|
| 650 |
|
6 |
|a Corps humain.
|
| 650 |
|
6 |
|a Temps.
|
| 650 |
|
0 |
|a Human body.
|
| 650 |
|
0 |
|a Time.
|
| 655 |
|
7 |
|a Electronic books.
|2 local
|
| 710 |
2 |
|
|a Project Muse.
|e distributor
|
| 830 |
|
0 |
|a Book collections on Project MUSE.
|
| 856 |
4 |
0 |
|z Texto completo
|u https://projectmuse.uam.elogim.com/book/71046/
|
| 945 |
|
|
|a Project MUSE - Custom Collection
|